000 00373nam a2200145Ia 4500
008 210210b1987 xxu||||| |||| 00| 0 eng d
020 _a19 562020 8
082 _a305.5 SRID
100 _aSRINIVAS (M N).
245 _aDominant caste and other essays.
260 _aDelhi.
_bOxford University Press.,
_c1987
300 _a195
690 _aSocial Classes
906 _a042064
999 _c91954
_d91954